000 00517nam a22001577a 4500
003 OSt
005 20150907075103.0
008 150907b xxu||||| |||| 00| 0 eng d
040 _cRUA
082 _aAGR សាន 1990 B001 Or.1
100 _9139
_aសាន សៅរ៍អរុណ
245 _aទិន្នផលសណ្ដែកពូជផ្សេងៗដែលនាំចូលប្រទេសកម្ពុជា
260 _aPhnom Penh
_bRUA
_c1990
300 _a99p.
_bill.
_c29cm.
942 _2ddc
_cAGR
999 _c123
_d123